[Event "Washington Open Championship"]
[Site "Lynnwood, WA"]
[Date "2015.05.24"]
[Round "4"]
[White "Airapetian Chouchanik (WA)"]
[Black "Pupols Viktors  (WA)"]
[Result "1-0"]
[WhiteElo "2048"]
[BlackElo "2207"]
[Annotator ""]
[Source ""]
[Remark "Open"]

1.e4 e5 2.Nf3 Nc6 3.d4 exd4 4.Bc4 Nf6 5.e5 Ng4 6.O-O d6 7.exd6
Bxd6 8.Re1+ Kf8 9.c3 dxc3 10.Nxc3 Bc5 11.Qxd8+ Nxd8 12.Ne4 Be7
13.Bf4 Be6 14.Rac1 h6 15.Bxc7 Bxc4 16.Rxc4 Ne6 17.Bd6 Nf6 18.Rec1
Bxd6 19.Nxd6 g6 20.Ne5 Kg7 21.Nexf7 Rhf8 22.Re1 Rxf7 23.Rxe6
Rd7 24.Rf4 Ng8 25.g3 Re7 26.Rxe7+ 1-0

[Event "Washington Open Championship"]
[Site "Lynnwood, WA"]
[Date "2015.05.24"]
[Round "4"]
[White "Soetedjo James  (WA)"]
[Black "Moroney Timothy  (WA)"]
[Result "1/2-1/2"]
[WhiteElo "1866"]
[BlackElo "2034"]
[Annotator ""]
[Source ""]
[Remark "Open"]

1.d4 Nf6 2.Nf3 c5 3.e3 e6 4.Bd3 b6 5.Nbd2 Bb7 6.O-O Be7 7.c3
d5 8.Qe2 O-O 9.e4 dxe4 10.Nxe4 cxd4 11.Nxd4 Nbd7 12.Rd1 Nxe4 1/2-1/2

[Event "Washington Open Championship"]
[Site "Lynnwood, WA"]
[Date "2015.05.24"]
[Round "4"]
[White "Cozianu Costin  (WA)"]
[Black "Sohal Tanraj  (CAN)"]
[Result "1/2-1/2"]
[WhiteElo "2455"]
[BlackElo "2347"]
[Annotator ""]
[Source ""]
[Remark "Open"]

1.d4 d5 2.c4 e6 3.g3 Nf6 4.Bg2 Nc6 5.cxd5 exd5 6.Nc3 h6 7.Nf3
Bd6 8.Bf4 Bxf4 9.gxf4 O-O 10.Rg1 Ne7 11.Ne5 c6 12.Qd3 Ne8 13.Bh3
f6 14.Ng6 Nxg6 15.Rxg6 Bxh3 16.Qxh3 Kh7 17.Qd3 f5 18.Rg2 Qh4
19.e3 Nd6 20.O-O-O Ne4 21.Nxe4 dxe4 1/2-1/2

[Event "Washington Open Championship"]
[Site "Lynnwood, WA"]
[Date "2015.05.24"]
[Round "4"]
[White "Tafalla Gabriel  (WA)"]
[Black "Zhang Derek  (WA)"]
[Result "0-1"]
[WhiteElo "1940"]
[BlackElo "2122"]
[Annotator ""]
[Source ""]
[Remark "Open"]

1.e4 e6 2.d4 d5 3.e5 c5 4.c3 Nc6 5.Nf3 Qb6 6.Bd3 Bd7 7.O-O cxd4
8.cxd4 Nxd4 9.Nxd4 Qxd4 10.Nc3 Qb6 11.Bd2 Ne7 12.a4 Nc6 13.Re1
Bc5 14.Qf3 O-O-O 15.a5 Qxb2 16.Ra2 Qb4 17.Ra4 Nd4 18.Qd1 Qb3
19.Qc1 Bxa4 20.Nxa4 Qxa4 21.Qxc5+ Kb8 22.Bc3 Nb3 23.Qe7 Rd7 24.Qg5
Rc8 25.Bb2 Qxa5 0-1

[Event "Washington Open Championship"]
[Site "Lynnwood, WA"]
[Date "2015.05.24"]
[Round "4"]
[White "Kuhner Mary  (WA)"]
[Black "Mitchell Mika  (WA)"]
[Result "1/2-1/2"]
[WhiteElo "1843"]
[BlackElo "1807"]
[Annotator ""]
[Source ""]
[Remark "Premier"]

1.e4 c6 2.d4 d6 3.Nf3 Bg4 4.Bd3 Nd7 5.c3 Ngf6 6.O-O e5 7.Re1
Qb6 8.Nbd2 Qc7 9.a4 a5 10.Nf1 Be7 11.Ng3 g6 12.h3 Bxf3 13.Qxf3
c5 14.d5 c4 15.Be2 Nb6 16.Be3 Nfd7 17.Nf1 Nc5 18.Bxc5 Qxc5 19.Ne3
h5 20.Bf1 Bg5 21.Qd1 O-O 22.g4 h4 23.Qe2 Bxe3 24.fxe3 g5 25.Qf3
f6 26.Qf5 Kg7 27.Qf2 Rac8 28.Qc2 Rf7 29.Kf2 1/2-1/2

[Event "Washington Open Championship"]
[Site "Lynnwood, WA"]
[Date "2015.05.24"]
[Round "4"]
[White "Deng Samuel  (WA)"]
[Black "Smith Catherine M  (WA)"]
[Result "0-1"]
[WhiteElo "1266"]
[BlackElo "1531"]
[Annotator ""]
[Source ""]
[Remark "Reserve"]

1.d4 d5 2.c4 c6 3.Nf3 Nf6 4.Bg5 Ne4 5.Bd2 Nd7 6.e3 Ndf6 7.Bb4
Qb6 8.Ba3 Ng4 9.Ne5 Ngxf2 10.Qf3 Be6 11.c5 Qc7 12.Rg1 g6 13.g4
Bg7 14.Nd3 Qxh2 15.Rg2 Nxd3+ 16.Bxd3 Qh4+ 17.Ke2 f5 18.gxf5 Bxf5
19.Nc3 Rf8 20.Qf4 Nxc3+ 21.bxc3 Bxd3+ 22.Kxd3 Rxf4 0-1

[Event "Washington Open Championship"]
[Site "Lynnwood, WA"]
[Date "2015.05.24"]
[Round "4"]
[White "Miller Travis  (AK)"]
[Black "Norovsambuu Badamkhand  (WA)"]
[Result "0-1"]
[WhiteElo "1566"]
[BlackElo "2034"]
[Annotator ""]
[Source ""]
[Remark "Open"]

1.c4 c6 2.g3 d5 3.Bg2 e6 4.b3 Nf6 5.Nf3 Be7 6.O-O O-O 7.d4 Ne4
8.Qc2 Nd7 9.Rd1 f5 10.e3 Ndf6 11.Ba3 Bd7 12.Bxe7 Qxe7 13.Nbd2
Ng4 14.Rf1 Qd6 15.Rad1 Be8 16.Ne1 Bh5 17.Nd3 Rf6 18.h3 Nxe3 19.fxe3
Bxd1 20.Qxd1 Qxg3 21.Nf3 Rh6 22.Qe1 Rxh3 0-1

[Event "Washington Open Championship"]
[Site "Lynnwood, WA"]
[Date "2015.05.24"]
[Round "4"]
[White "Dixon Dakota  (WA)"]
[Black "Hosford Michael  (WA)"]
[Result "1-0"]
[WhiteElo "2137"]
[BlackElo "1932"]
[Annotator ""]
[Source ""]
[Remark "Open"]

1.d4 Nf6 2.c4 Nc6 3.Nf3 e6 4.a3 d5 5.Nc3 a6 6.e3 dxc4 7.Bxc4
Bd6 8.e4 e5 9.dxe5 Nxe5 10.Nxe5 Bxe5 11.Qxd8+ Kxd8 12.Bg5 Bxc3+
13.bxc3 Re8 14.O-O-O+ Bd7 15.Rhe1 h6 16.Bxf6+ gxf6 17.Bxf7 Re7
18.Bg6 Kc8 19.Bf5 a5 20.Rxd7 1-0

[Event "Washington Open Championship"]
[Site "Lynnwood, WA"]
[Date "2015.05.24"]
[Round "4"]
[White "Ryan Stephen  (WA)"]
[Black "Snyder Jakey  (WA)"]
[Result "1-0"]
[WhiteElo "1288"]
[BlackElo "1215"]
[Annotator ""]
[Source ""]
[Remark "Booster"]

1.e4 e5 2.Nf3 Nc6 3.Nc3 Nf6 4.Be2 Bb4 5.Nd5 Nxe4 6.Nxb4 Nxb4
7.Nxe5 O-O 8.d3 Qf6 9.Nf3 Qc6 10.c3 Nxc3 11.bxc3 Qxc3+ 12.Bd2
Nc2+ 13.Kf1 Nxa1 14.Bxc3 1-0

[Event "Washington Open Championship"]
[Site "Lynnwood, WA"]
[Date "2015.05.24"]
[Round "4"]
[White "Menkov Artjom  (WA)"]
[Black "Ardeleanu Andrew  (WA)"]
[Result "1-0"]
[WhiteElo "1504"]
[BlackElo "1176"]
[Annotator ""]
[Source ""]
[Remark "Reserve"]

1.e4 d6 2.d4 Nf6 3.Nc3 g6 4.Nf3 Bg7 5.h3 O-O 6.Be3 e6 7.Be2 b5
8.Bd3 b4 9.Ne2 Nbd7 10.O-O Bb7 11.Ng3 Qe7 12.Qd2 a5 13.Bh6 Rfd8
14.Bxg7 Kxg7 15.Qg5 e5 16.dxe5 Nxe5 17.Nxe5 dxe5 18.Nf5+ 1-0

[Event "Washington Open Championship"]
[Site "Lynnwood, WA"]
[Date "2015.05.24"]
[Round "4"]
[White "Kypriotakis Kyriakos  (OR)"]
[Black "Rengarao Thyada, Paramesh B  (CA)"]
[Result "1-0"]
[WhiteElo "816"]
[BlackElo "913"]
[Annotator ""]
[Source ""]
[Remark "Booster"]

1.e4 e5 2.Bc4 Nf6 3.d4 Nc6 4.Nf3 Nxe4 5.dxe5 d6 6.Qd5 Qe7 7.Qxe4
Nxe5 8.Nxe5 Qxe5 9.Qxe5+ dxe5 10.O-O Bd6 11.Nc3 Bf5 12.Bb3 h5
13.Be3 h4 14.h3 Rh5 15.Nb5 g5 16.g4 hxg3 17.fxg3 Bxh3 18.Bxf7+
Ke7 19.Bxh5 g4 20.Bg5+ Ke6 21.Rf6+ Kd5 22.Rd1+ Kc6 23.Nxd6 cxd6
24.Rfxd6+ Kc7 25.Bd8+ Kc8 26.Bg5 a5 27.Bf6 Kb8 28.Bxe5 1-0

[Event "Washington Open Championship"]
[Site "Lynnwood, WA"]
[Date "2015.05.24"]
[Round "4"]
[White "Roback Joe  (CAN)"]
[Black "Wang James  (WA)"]
[Result "1-0"]
[WhiteElo "2046"]
[BlackElo "1874"]
[Annotator ""]
[Source ""]
[Remark "Open"]

1.e4 e5 2.Nf3 Nc6 3.d4 exd4 4.Nxd4 Bc5 5.Nxc6 Qf6 6.Qd2 Qxc6
7.Nc3 Nf6 8.Bd3 a6 9.O-O d6 10.Qg5 O-O 11.Qh4 Ng4 12.Nd5 Qd7
13.e5 h6 14.Bf5 Qd8 15.Qxg4 Bxf5 16.Qxf5 dxe5 17.Qxe5 Bd6 18.Qf5
Re8 19.Bf4 c6 20.Bxd6 Qxd6 21.Ne3 Qb4 22.b3 Qc3 23.Rad1 g6 24.Qf4
Qg7 25.Rd7 Rab8 26.Ng4 1-0

[Event "Washington Open Championship"]
[Site "Lynnwood, WA"]
[Date "2015.05.24"]
[Round "4"]
[White "Richards Jerrold  (WA)"]
[Black "Nguyen Danny  (WA)"]
[Result "0-1"]
[WhiteElo "1446"]
[BlackElo "860"]
[Annotator ""]
[Source ""]
[Remark "Reserve"]

1.c4 e5 2.g3 Nf6 3.Bg2 g6 4.Nc3 Bg7 5.Nf3 O-O 6.O-O Nc6 7.Rb1
Re8 8.d3 d5 9.cxd5 Nxd5 10.Ne4 f5 11.Bg5 Nf6 12.Nxf6+ Bxf6 13.Bxf6
Qxf6 14.a3 Be6 15.b4 a6 16.Qd2 f4 17.Rfc1 Rad8 18.Rc5 e4 19.Ne1
f3 20.exf3 exf3 21.Bxf3 Nd4 22.Rxc7 Nxf3+ 23.Nxf3 Qxf3 24.Qh6
Rd7 25.Rbc1 Bd5 0-1

[Event "Washington Open Championship"]
[Site "Lynnwood, WA"]
[Date "2015.05.24"]
[Round "4"]
[White "Roring Tres  (OR)"]
[Black "Ramasamy Vikram  (WA)"]
[Result "1-0"]
[WhiteElo "2088"]
[BlackElo "1888"]
[Annotator ""]
[Source ""]
[Remark "Open"]

1.d4 d5 2.c4 e6 3.Nc3 Nf6 4.cxd5 exd5 5.Bg5 c6 6.e3 Bd6 7.Bd3
h6 8.Bh4 O-O 9.Qc2 b6 10.Nf3 Nbd7 11.O-O-O Qc7 12.Bg3 Bxg3 13.hxg3
Bb7 14.Rh4 h5 15.g4 Nxg4 16.Rxh5 Rfc8 17.Rdh1 Nh6 18.Bf5 Kf8
19.Bxd7 Qxd7 20.Qh7 Qe6 21.Qh8+ 1-0

[Event "Washington Open Championship"]
[Site "Lynnwood, WA"]
[Date "2015.05.24"]
[Round "4"]
[White "Tiglon Jeffrey  (WA)"]
[Black "Jiang Andrew  (WA)"]
[Result "0-1"]
[WhiteElo "1255"]
[BlackElo "707"]
[Annotator ""]
[Source ""]
[Remark "Booster"]

1.e4 e5 2.Nf3 Nc6 3.Bb5 a6 4.Ba4 Nf6 5.d3 Bc5 6.Bg5 h6 7.Bh4
d6 8.h3 Bd7 9.Bb3 Qe7 10.O-O O-O-O 11.Nc3 g5 12.Bg3 Rdg8 13.Nh2
h5 14.h4 gxh4 15.Bxh4 Bh3 16.g3 Rg7 17.Nd5 Nxd5 18.Kh1 Qxh4 19.gxh4
Bg2+ 20.Kg1 Bf3+ 21.Ng4 Rxg4+ 22.Kh2 Bxd1 23.exd5 Rhg8 24.Raxd1
Rxh4# 0-1

[Event "Washington Open Championship"]
[Site "Lynnwood, WA"]
[Date "2015.05.24"]
[Round "4"]
[White "Fagundes Frank  (WA)"]
[Black "Ahluwalia Anshul  (WA)"]
[Result "1/2-1/2"]
[WhiteElo "1792"]
[BlackElo "1484"]
[Annotator ""]
[Source ""]
[Remark "Premier"]

1.d4 d5 2.c4 e6 3.Nf3 Nf6 4.Nc3 Be7 5.Bg5 Nbd7 6.e3 c6 7.Bd3
O-O 8.O-O dxc4 9.Bxc4 c5 10.Qc2 a6 11.a4 cxd4 12.Nxd4 Nb6 13.Be2
Nfd5 14.Bxe7 Qxe7 15.a5 Nxc3 16.bxc3 Nd5 17.c4 Nb4 18.Qb2 e5
19.Nf3 Nc6 20.Rfd1 Bf5 21.c5 Qxc5 22.Qxb7 Nxa5 23.Qb2 Rfe8 24.Rac1
Qe7 25.Rd5 Rab8 26.Qxe5 Qxe5 27.Nxe5 Nb3 28.Rc7 Be4 29.Rdd7 Rxe5
30.Rxf7 Rg5 31.f3 Bd5 32.Rfd7 Be6 33.Re7 Bh3 34.g4 Nd2 35.Kf2
Rf8 36.Rcd7 Rxg4 37.Rxd2 Rg2+ 38.Ke1 Rc8 39.Bd1 Rg1+ 40.Kf2 Rg2+
41.Ke1 Rg1+ 42.Kf2 Rg2+ 43.Ke1 1/2-1/2

[Event "Washington Open Championship"]
[Site "Lynnwood, WA"]
[Date "2015.05.24"]
[Round "4"]
[White "Leslie Cameron  (WA)"]
[Black "Eversole Joseph  (WA)"]
[Result "0-1"]
[WhiteElo "2064"]
[BlackElo "1900"]
[Annotator ""]
[Source ""]
[Remark "Open"]

1.d4 e6 2.c4 Nf6 3.Nf3 c5 4.e3 b6 5.Nc3 Bb7 6.Be2 h6 7.O-O a6
8.b3 g5 9.d5 Bg7 10.Bb2 b5 11.Qc2 g4 12.Ne5 b4 13.Na4 d6 14.Nxg4
exd5 15.Qf5 Nbd7 16.Nb6 Nxg4 17.Bxg7 Rg8 18.Nxa8 Rxg7 19.Bxg4
Ne5 20.Be2 dxc4 21.f3 Qxa8 22.bxc4 Bc8 23.Qh5 Rg6 24.Rf2
{I believe I have it correct to this point.  The next move given for Black is
24. ... Ne5, which is clearly also the move on 19..., with no other knight move
between.  There are only two more move pairs to follow, and even though White
seems a little ahead at this moment, the score and crosstable indicate that Black won.  Just how is unknown.}
 0-1

[Event "Washington Open Championship"]
[Site "Lynnwood, WA"]
[Date "2015.05.24"]
[Round "3"]
[White "Saputra Yogi  (OR)"]
[Black "Yu Justin  (WA)"]
[Result "1-0"]
[WhiteElo "2106"]
[BlackElo "1965"]
[Annotator ""]
[Source ""]
[Remark "Open"]

1.d4 Nf6 2.c4 c5 3.d5 b5 4.cxb5 a6 5.b6 g6 6.Nc3 Qxb6 7.Nf3 Bg7
8.e4 d6 9.Nd2 O-O 10.Be2 Bd7 11.Nc4 Qc7 12.a4 a5 13.O-O Na6 14.f4
Nb4 15.Bf3 Rab8 16.Re1 Ne8 17.Ra3 f5 18.e5 Kh8 19.Qe2 Kg8 20.Kh1
Kh8 21.Nb5 Bxb5 22.axb5 Ra8 23.b6 Qb7 24.Nxa5 Qxb6 25.Nc6 Rxa3
26.bxa3 Nxc6 27.dxc6 dxe5 28.fxe5 e6 29.Qc4 Qa5 30.Re2 Nc7 31.Be3
Qxa3 32.Qxc5 Qxc5 33.Bxc5 Rc8 34.Bd6 Nd5 35.Bxd5 exd5 36.c7 Bf8
37.Rb2 Bxd6 38.exd6 Re8 39.Rb8 1-0

[Event "Washington Open Championship"]
[Site "Lynnwood, WA"]
[Date "2015.05.24"]
[Round "4"]
[White "Huang Marc  (WA)"]
[Black "Mayer Jacob  (WA)"]
[Result "0-1"]
[WhiteElo "1406"]
[BlackElo "1662"]
[Annotator ""]
[Source ""]
[Remark "Reserve"]

1.e4 d5 2.exd5 Qxd5 3.Nc3 Qd6 4.Nf3 Nf6 5.d4 a6 6.Bc4 b5 7.Bb3
Nc6 8.a3 h6 9.h3 Bb7 10.Be3 e6 11.Qd2 Ne7 12.O-O-O Ned5 13.Nxd5
Bxd5 14.Bf4 Qb6 15.Bxd5 Nxd5 16.Rhe1 b4 17.axb4 Bxb4 18.c3 Bxc3
19.bxc3 Rb8 20.Kc2 Qb3+ 21.Kd3 Qb5+ 22.Kc2 Qb3+ 23.Kd3 Nb4+ 24.Ke4
f5+ 25.Ke3 Nd5+ 26.Kd3 Qb5+ 27.Kc2 Qb3+ 28.Kd3 Nb4+ 29.Ke3 Nd5+
30.Kd3 O-O 31.Rh1 Nb4+ 32.Ke3 Nd5+ 33.Kd3 Nb4+ 34.Ke2 Qc4+ 35.Ke1
Na2 {Illegibility and missing moves means I cannot go further with this game, which
continued at least another five moves.  I can't even guarantee that I have it
exactly correct to this point, but it looks as though White should have
continued towards that draw by repitition, as the crosstable indicates that Black eventually won.}
 0-1

[Event "Washington Open Championship"]
[Site "Lynnwood, WA"]
[Date "2015.05.24"]
[Round "4"]
[White "Haining Kyle  (WA)"]
[Black "Roper David  (WA)"]
[Result "1-0"]
[WhiteElo "2139"]
[BlackElo "2262"]
[Annotator ""]
[Source ""]
[Remark "Open"]

1.e4 c5 2.Nf3 e6 3.d4 cxd4 4.Nxd4 a6 5.Bd3 Nf6 6.O-O Qc7 7.Qe2
d6 8.c4 g6 9.Nc3 Bg7 10.Be3 O-O 11.Rac1 Nbd7 12.f4 b6 13.Kh1
Re8 14.Nf3 Bb7 15.b4 Rac8 16.Bg1 Qb8 17.Nd2 Nh5 18.g4 Nhf6 19.Bf2
d5 20.Bg3 dxe4 21.Ncxe4 Nxe4 22.Bxe4 Nf6 23.Bg2 Bxg2+ 24.Kxg2
Qb7+ 25.Kg1 Red8 26.Rfd1 Rd4 27.h3 h5 28.g5 Ne4 29.Be1 Nxd2 30.Bxd2
Qe4 31.Qxe4 Rxe4 32.c5 bxc5 33.bxc5 Rc6 34.Rc2 Re2 35.Rb1 Bd4+
36.Kh1 e5 37.Rb8+ Kg7 38.fxe5 Rxc5 39.Rxc5 Bxc5 40.Bc3 Rc2 41.Bb2
a5 42.e6+ Rxb2 43.Rxb2 fxe6 44.Rb7+ Kf8 45.Kg2 a4 46.Kf3 a3 47.Ke4
Be7 48.Ke5 Bxg5 49.Kxe6 Bh4 50.Rh7 1-0

[Event "Washington Open Championship"]
[Site "Lynnwood, WA"]
[Date "2015.05.24"]
[Round "4"]
[White "Baxter Brent  (WA)"]
[Black "Davis Frederick  (WA)"]
[Result "1/2-1/2"]
[WhiteElo "1935"]
[BlackElo "1836"]
[Annotator ""]
[Source ""]
[Remark "Premier"]

1.b3 e5 2.Bb2 d6 3.e3 Nd7 4.c4 g6 5.Nc3 Bg7 6.Nge2 Ngf6 7.Ng3
a5 8.Be2 O-O 9.O-O Re8 10.d3 h5 11.Qd2 Bh6 12.Bf3 h4 13.Nge4
g5 14.Nxf6+ Nxf6 15.Nd5 g4 16.Nxf6+ Qxf6 17.Be4 c6 18.f4 Qd8
19.fxe5 dxe5 20.Bf5 Qg5 21.Bxc8 Qxe3+ 22.Qxe3 Bxe3+ 23.Kh1 Raxc8
24.Rf5 Rcd8 25.Rd1 Bd4 26.Bxd4 Rxd4 27.Kg1 Kg7 28.Rdf1 Re7 29.Rg5+
Kh6 30.Rgf5 Kg7 31.Rg5+ Kh6 32.Rgf5 1/2-1/2

[Event "Washington Open Championship"]
[Site "Lynnwood, WA"]
[Date "2015.05.24"]
[Round "4"]
[White "Hasuike Mike  (OR)"]
[Black "Cohen Jed  (WA)"]
[Result "1/2-1/2"]
[WhiteElo "1500"]
[BlackElo "1391"]
[Annotator ""]
[Source ""]
[Remark "Reserve"]

1.d4 d5 2.e3 Nf6 3.Bd3 Nc6 4.f4 e6 5.Nd2 Bd6 6.c3 Bd7 7.Qe2 Qe7
8.Ngf3 O-O-O 9.Ne5 Bxe5 10.fxe5 Ng8 11.O-O f6 12.exf6 Nxf6 13.e4
e5 14.exd5 Nxd5 15.Ne4 Nf6 16.Bg5 Rdf8 17.d5 Nd8 18.Be3 Nxe4
19.Bxe4 a6 20.a4 Rxf1+ 21.Qxf1 a5 22.Qc4 Qd6 23.Bc5 Qa6 24.Qxa6
bxa6 25.Bd3 Kb7 26.b3 c6 27.Be4 cxd5 28.Bxd5+ Bc6 29.Bxc6+ Nxc6
30.Rf1 Nd8 31.Rf8 Rxf8 32.Bxf8 g6 33.Bg7 Nc6 34.Kf2 Kc7 35.Ke3
Kd6 36.Ke4 Ke6 37.Bh8 Kd6 38.Bg7 Ke6 1/2-1/2

[Event "Washington Open Championship"]
[Site "Lynnwood, WA"]
[Date "2015.05.24"]
[Round "4"]
[White "Reeves Jasen  (WA)"]
[Black "Zhang Kyle  (WA)"]
[Result "1/2-1/2"]
[WhiteElo "1237"]
[BlackElo "1209"]
[Annotator ""]
[Source ""]
[Remark "Booster"]

1.d4 d5 2.c4 c6 3.cxd5 cxd5 4.Nc3 Nf6 5.Bg5 Nbd7 6.e3 e6 7.Bd3
Be7 8.Nf3 h6 9.Bh4 O-O 10.Qc2 b6 11.O-O Bb7 12.Rac1 Rc8 13.Rfe1
a6 14.Bg3 b5 15.Qb3 Nb6 16.Qd1 Bd6 17.Bxd6 Qxd6 18.b3 Nfd7 19.Qe2
f5 20.Nh4 Rf6 21.f4 Qe7 22.h3 Nf8 23.Kh2 Ng6 24.Nf3 Rff8 25.Rg1
Nd7 26.g3 Nf6 27.Nd2 Nh8 28.Kg2 Nf7 29.Kf1 Nd6 30.Kg2 Nfe4 31.Ncxe4
Nxe4 32.Nxe4 dxe4 33.Bb1 Qa3 34.Qd2 Rxc1 35.Rxc1 Rc8 36.Rxc8+
Bxc8 37.g4 g6 1/2-1/2

[Event "Washington Open Championship"]
[Site "Lynnwood, WA"]
[Date "2015.05.24"]
[Round "4"]
[White "Feng Roland  (WA)"]
[Black "Padhi Pratik  (WA)"]
[Result "1-0"]
[WhiteElo "2345"]
[BlackElo "1831"]
[Annotator ""]
[Source ""]
[Remark "Open"]

1.d4 Nf6 2.c4 e6 3.Nc3 Bb4 4.Qc2 O-O 5.a3 Bxc3+ 6.Qxc3 b5 7.b3
bxc4 8.bxc4 d5 9.e3 Ne4 10.Qc2 c5 11.Bd3 Qa5+ 12.Kf1 Bb7 13.f3
Nf6 14.Bd2 Qc7 15.cxd5 exd5 16.Rc1 c4 17.Qa2 Qd7 18.Bb1 Nc6 19.Ne2
Rab8 20.Bc3 Rfe8 21.Kf2 Ne7 22.Ng3 Bc6 23.Rhf1 Rb3 24.Qd2 Reb8
25.Kg1 Rxa3 26.e4 Ng6 27.e5 Ne8 28.f4 Ba4 29.f5 Nf8 30.h4 Bb3
31.Bb4 c3 32.Qxc3 Ra4 33.e6 Qb5 34.exf7+ Kxf7 35.Bxf8 Kxf8 36.f6
Nxf6 37.Nf5 Bc4 38.Qg3 Qb7 39.Bd3 Ra3 40.Qd6+ 1-0

[Event "Washington Open Championship"]
[Site "Lynnwood, WA"]
[Date "2015.05.24"]
[Round "4"]
[White "Hou Frank  (WA)"]
[Black "Olson Travis  (WA)"]
[Result "0-1"]
[WhiteElo "1684"]
[BlackElo "1823"]
[Annotator ""]
[Source ""]
[Remark "Premier"]

1.e4 e6 2.d4 d5 3.e5 c5 4.c3 Qb6 5.Nf3 Nc6 6.a3 a5 7.b3 Bd7 8.Bb2
Nh6 9.a4 cxd4 10.cxd4 Bb4+ 11.Bc3 Nf5 12.Bb5 Ncxd4 13.Bxd7+ Kxd7
14.Nxd4 Qxd4 15.Qxd4 Nxd4 16.Kd1 Nxb3 17.Ra2 Rhc8 18.Rc2 Nc5
19.Bxb4 axb4 20.Ke2 Nxa4 21.Rhc1 b3 22.Rxc8 Rxc8 23.Rxc8 Kxc8
24.Kd3 Kc7 25.Nd2 Nc5+ 26.Kc3 Kc6 27.f4 Ne4+ 28.Nxe4 dxe4 29.Kxb3
Kd5 30.Kc3 b5 31.g4 b4+ 32.Kxb4 Kd4 33.Kb3 Kd3 34.f5 e3 35.f6
gxf6 36.exf6 e2 37.h4 e1Q 38.h5 Qb1+ 39.Ka4 Kc4 40.Ka5 Qb5# 0-1

[Event "Washington Open Championship"]
[Site "Lynnwood, WA"]
[Date "2015.05.24"]
[Round "4"]
[White "Campbell Tim  (WA)"]
[Black "Yang Richard  (WA)"]
[Result "1-0"]
[WhiteElo "1713"]
[BlackElo "1658"]
[Annotator ""]
[Source ""]
[Remark "Premier"]

1.e4 e5 2.Nf3 Nc6 3.d4 exd4 4.Nxd4 Bc5 5.Be3 Qf6 6.c3 Nge7 7.Bc4
O-O 8.O-O Ne5 9.Be2 d5 10.f4 N5g6 11.e5 Qb6 12.b4 Bxd4 13.Bxd4
Qc6 14.g4 f5 15.exf6 gxf6 16.a4 Qd7 17.Bc5 b6 18.Bxe7 Nxe7 19.Bf3
c6 20.Re1 Ng6 21.b5 Bb7 22.c4 Nxf4 23.Nc3 d4 24.Qd2 Nh3+ 25.Kf1
c5 26.Nd5 Ng5 27.Re7 Nxf3 28.Qh6 Nd2+ 29.Ke1 Nf3+ 30.Kf2 Qxe7
31.Nxe7+ Kh8 32.Ng6+ Kg8 33.Nxf8 Rxf8 34.a5 d3 35.axb6 d2 36.bxa7
Rd8 37.a8Q Bxa8 38.Ra7 d1N+ 39.Kg3 Bb7 40.Rxb7 Rd7 41.Rxd7 Ng5
42.Qg7# 1-0

[Event "Washington Open Championship"]
[Site "Lynnwood, WA"]
[Date "2015.05.24"]
[Round "4"]
[White "Brokaw Benjamin  (WA)"]
[Black "Burt Gavin  (WA)"]
[Result "1-0"]
[WhiteElo "1097"]
[BlackElo "521"]
[Annotator ""]
[Source ""]
[Remark "Booster"]

1.e4 e5 2.Nf3 Nc6 3.Nc3 Nf6 4.Bc4 Bc5 5.d3 d6 6.Bg5 Bxf2+ 7.Kxf2
Ng4+ 8.Ke1 f6 9.Bd2 f5 10.h3 Nf6 11.Bg5 fxe4 12.Nxe4 d5 13.Nxf6+
gxf6 14.Bb5 fxg5 15.Nxe5 Qe7 16.Qe2 Bd7 17.Bxc6 Bxc6 18.Qh5+
Kd8 19.Kd1 Qxe5 20.Re1 Qxb2 21.Qxg5+ Kd7 22.Qe7+ Kc8 23.Kd2 b6
24.Re6 Re8 25.Qf6 Qxf6 26.Rxf6 Kb7 27.Rf7 Rh8 28.Re1 Rae8 29.Ref1
d4 30.Rg7 Reg8 31.Rff7 Rxg7 32.Rxg7 Bd5 33.a3 Kc8 34.g3 h5 35.Rg5
c6 36.Rg7 a5 37.Ra7 h4 38.Ra8+ Kd7 39.Rxh8 hxg3 40.Rh7+ Ke6 41.Rg7
g2 42.Ke1 b5 43.Kf2 Ba2 44.Rxg2 b4 45.axb4 a4 46.Rg1 Kd5 47.Rg5+
Kd6 48.Ra5 Bb1 49.Rxa4 Bxc2 50.Ra2 Bb3 51.Rb2 Be6 52.Kg3 Bf5
53.Rh2 Kd5 54.Rd2 Kd6 55.h4 Kc7 56.Kf4 Bh7 57.Ke5 Kb6 58.Kxd4 1-0

[Event "Washington Open Championship"]
[Site "Lynnwood, WA"]
[Date "2015.05.24"]
[Round "4"]
[White "Hendricks David  (WA)"]
[Black "Huang Patrtick  (CAN)"]
[Result "0-1"]
[WhiteElo "1672"]
[BlackElo "1629"]
[Annotator ""]
[Source ""]
[Remark "Reserve"]

1.d4 Nf6 2.Bf4 e6 3.Nf3 d5 4.e3 c5 5.c3 a6 6.Bd3 Nc6 7.Nbd2 c4
8.Bc2 Be7 9.h3 b5 10.O-O a5 11.e4 b4 12.e5 Nd7 13.Re1 Nb6 14.Nh2
a4 15.Qg4 g6 16.Nhf3 a3 17.b3 bxc3 18.Nb1 Nb4 19.Re2 Ba6 20.Nxc3
cxb3 21.Bxb3 Bxe2 22.Nxe2 Rb8 23.Bh6 Nc6 24.Rc1 Na5 25.Bd1 Rc8
26.Rxc8 Qxc8 27.Qf4 Qc4 28.Qd2 Bb4 29.Qc2 Ke7 30.Bd2 Bxd2 31.Nxd2
Qxc2 32.Bxc2 Rc8 33.Bd1 Nbc4 34.Nb3 Nb2 35.Nxa5 Nxd1 36.Kf1 Nc3
37.Nc1 Nb5 38.Ncb3 Rc2 39.Ke1 Rxa2 40.Nc6+ Kd7 41.Nb4 Rb2 42.Nc5+
Ke8 43.Ncd3 a2 44.Nxa2 Rxa2 45.g3 Nxd4 46.f4 Nf3+ 47.Kf1 Rd2
48.Nf2 d4 49.Ne4 Ra2 50.Nf2 Nh2+ 51.Ke1 Kd7 52.Nd3 Nf3+ 53.Kf1
Rd2 54.Nf2 d3 55.Ne4 Rh2 56.Nc5+ Kc6 57.Nxd3 Rd2 58.Nf2 Kd5 59.h4
Kd4 60.Ng4 h5 61.Nf2 Ke3 0-1

[Event "Washington Open Championship"]
[Site "Lynnwood, WA"]
[Date "2015.05.24"]
[Round "4"]
[White "Shubin Daniel  (WA)"]
[Black "Qian Daniel  (WA)"]
[Result "1-0"]
[WhiteElo "1163"]
[BlackElo "1041"]
[Annotator ""]
[Source ""]
[Remark "Booster"]

1.e4 e5 2.Nf3 Nc6 3.Bc4 Nf6 4.Ng5 d5 5.exd5 Na5 6.Bb5+ c6 7.dxc6
bxc6 8.Be2 h6 9.Nf3 e4 10.Ne5 Qd5 11.f4 Bd6 12.O-O Bxe5 13.fxe5
Qxe5 14.d4 exd3 15.Bxd3 O-O 16.Qe1 Re8 17.Qxe5 Rxe5 18.Bxh6 Ng4
19.Bf4 Re8 20.h3 Nf6 21.Nc3 Be6 22.b3 c5 23.Nb5 Rec8 24.Be5 Nd5
25.c4 Nb4 26.Be4 Nbc6 27.Bc7 a6 28.Bxa5 axb5 29.Bxc6 Rxc6 30.cxb5
Rd6 31.Bc7 Rd7 32.b6 Rc8 33.b7 Rdxc7 34.bxc8Q+ Rxc8 35.Rfc1 Kf8
36.Rc3 Ke7 37.Rac1 Kd6 38.Rd1+ Kc6 39.b4 Kb5 40.Rxc5+ Rxc5 41.bxc5
Kxc5 42.a3 Kc4 43.Rb1 Kc5 44.a4 Ba2 45.Rb2 Bd5 46.a5 Kc6 47.a6
Kc7 48.a7 Bb7 49.g3 Bd5 50.Rb8 Bb7 51.a8Q Bxa8 52.Rxa8 Kd6 53.Ra7
Ke6 54.Kf2 Kf6 55.Kf3 Kg6 56.g4 Kf6 57.h4 Kg6 58.h5+ Kf6 59.Kf4
g6 60.g5+ Kg7 61.h6+ 1-0

[Event "Washington Open Championship"]
[Site "Lynnwood, WA"]
[Date "2015.05.25"]
[Round "5"]
[White "Sohal Tanraj  (CAN)"]
[Black "Haining Kyle  (WA)"]
[Result "1-0"]
[WhiteElo "2347"]
[BlackElo "2139"]
[Annotator ""]
[Source ""]
[Remark "Open"]

1.d4 g6 2.c4 Bg7 3.Nf3 Nf6 4.Nc3 O-O 5.e4 d6 6.Be2 c5 7.O-O Re8
8.h3 cxd4 9.Nxd4 Nbd7 10.Be3 b6 11.Rc1 Bb7 12.f3 Rc8 13.Qd2 Qc7
14.Rfd1 Qb8 15.Bf1 Rcd8 16.Bf2 Qa8 17.Nd5 Qb8 18.Nb5 Rc8 19.b3
Ba8 20.Bg3 Ne5 21.Qe1 a6 22.Nbc3 e6 23.Nb4 Bb7 24.Qf2 Qc7 25.Na4
Nfd7 26.Qd2 Bf8 27.Nd3 Red8 28.Bh4 Re8 29.Nxe5 Nxe5 30.Bf2 Nd7
31.Bg3 Ne5 32.Qd4 b5 33.Nb6 Bh6 34.Nxc8 Bxc1 35.Nxd6 Nxf3+ 36.gxf3
Ba3 37.Qg7+ Kxg7 38.Nxe8+ 1-0